Proces získavania a výberu zamestnancov na pracovné miesta vo vybranom podniku diplomová práca

Saved in:
Bibliographic Details
Main Author: Fišer, Slavomír
Corporate Author: Fakulta podnikového manažmentu EU. Katedra manažmentu
Other Authors: Matkovčíková, Natália, 1982-
Format: Book
Language:Slovak
Published: Bratislava 2017
Tags: Add Tag
No Tags, Be the first to tag this record!

MARC

LEADER 00000nbm a2200000 4500
001 0232252
005 20171219100050.1
041 0 |a slo 
044 |a SK 
245 1 0 |a Proces získavania a výberu zamestnancov na pracovné miesta vo vybranom podniku  |b diplomová práca  |c Slavomír Fišer ; školiteľ: Natália Matkovčíková 
264 1 |a Bratislava  |c 2017 
300 |a 67 s. 
100 1 |a Fišer, Slavomír 
700 1 |a Matkovčíková, Natália, 1982- 
710 2 |a Fakulta podnikového manažmentu EU. Katedra manažmentu